Normal view
MARC view
- Sulaiman Ibrahim
Entry Personal Name
001 - CONTROL NUMBER
- control field: 2011
003 - CONTROL NUMBER IDENTIFIER
- control field: OSt
005 - DATE AND TIME OF LATEST TRANSACTION
- control field: 20170508094919.0
008 - FIXED-LENGTH DATA ELEMENTS
- fixed length control field: 170508|| aca||aabn | a|a d
040 ## - CATALOGING SOURCE
- Original cataloging agency: OSt
- Transcribing agency: OSt
100 ## - HEADING--PERSONAL NAME
- Personal name: Sulaiman Ibrahim
670 ## - SOURCE DATA FOUND
- Source citation: Work cat.: (OSt)0: Membongkar rahsia al-Quran :, 2008

PORTAL AKMAL
E-MEL JKDM
AKMAL2U
G-BAM
u-PUSTAKA